| 000 | 00464nam a2200157 4500 | ||
|---|---|---|---|
| 999 |
_c511666 _d511666 |
||
| 008 | 191003b ||||| |||| 00| 0 eng d | ||
| 100 |
_aLin, Tse-Chun _911771 |
||
| 245 | _aContractual managerial incentives with stock price | ||
| 260 | _bAmerican Economic Review | ||
| 300 | _a109(7), Jul, 2019: p.2446-2468. | ||
| 700 |
_aLiu, Qi _911772 |
||
| 700 |
_aSun, Bo _911773 |
||
| 773 | _aAmerican Economic Review | ||
| 906 | _aFinancial markets | ||
| 942 |
_2ddc _cAR |
||